Normal view
MARC view
Entry Personal Name
001 - CONTROL NUMBER
- control field: 65730
003 - CONTROL NUMBER IDENTIFIER
- control field: dpl
005 - DATE AND TIME OF LATEST TRANSACTION
- control field: 20240506115530.0
008 - FIXED-LENGTH DATA ELEMENTS
- fixed length control field: 240506|| aca||aabn | a|a d
040 ## - CATALOGING SOURCE
- Original cataloging agency: dpl
- Transcribing agency: dpl
100 ## - HEADING--PERSONAL NAME
- Personal name: पंकज, जगदीश
670 ## - SOURCE DATA FOUND
- Source citation: Work cat.: (dpl)202539: पंकज, जगदीश, अवशेषों की विस्मृत गाथा:, 2020
